बौद्धमत : (Record no. 119295)
[ view plain ]
| 000 -LEADER | |
|---|---|
| fixed length control field | 01263nam a22002657a 4500 |
| 005 - DATE AND TIME OF LATEST TRANSACTION | |
| control field | 20170124103131.0 |
| 010 ## - LIBRARY OF CONGRESS CONTROL NUMBER | |
| LC control number | A-692036 |
| 020 ## - INTERNATIONAL STANDARD BOOK NUMBER | |
| Terms of availability | 80.00 |
| 035 ## - SYSTEM CONTROL NUMBER | |
| System control number | A-692036 |
| 037 ## - SOURCE OF ACQUISITION | |
| Source of stock number/acquisition | Cen Lib/Ret |
| 040 ## - CATALOGING SOURCE | |
| Original cataloging agency | DPL |
| Language of cataloging | HN |
| 082 ## - DEWEY DECIMAL CLASSIFICATION NUMBER | |
| Classification number | 305.56 |
| Item number | मेश्राम |
| 100 ## - MAIN ENTRY--PERSONAL NAME | |
| Personal name | मेश्राम, एल० जी० |
| 9 (RLIN) | 3200 |
| 245 ## - TITLE STATEMENT | |
| Title | बौद्धमत : |
| Statement of responsibility, etc | एल० जी० मेश्राम |
| Remainder of title | डा. अम्बेडकर और सामाजिक लोकतन्त्र / |
| 246 ## - VARYING FORM OF TITLE | |
| Title proper/short title | Baudhmat : dr. Ambedkar aur samajik loktantra / |
| Remainder of title | by L. G. Mesharam |
| 260 ## - PUBLICATION, DISTRIBUTION, ETC. (IMPRINT) | |
| Place of publication, distribution, etc | दिल्ली |
| Name of publisher, distributor, etc | संगीता प्रकाशन |
| Date of publication, distribution, etc | 1994 |
| 270 ## - ADDRESS | |
| Address | 30/64, गली नं० 8, विश्वासनगर |
| City | दिल्ली |
| Postal code | 110032 |
| 300 ## - PHYSICAL DESCRIPTION | |
| Extent | 136पृ. |
| Dimensions | 21सेमी(सजिल्द) |
| 500 ## - GENERAL NOTE | |
| General note | अनुक्रमणिका शामिल |
| 650 ## - SUBJECT ADDED ENTRY--TOPICAL TERM | |
| Topical term or geographic name as entry element | अम्बेडकर--सामाजिक जीवन |
| 9 (RLIN) | 84230 |
| 650 ## - SUBJECT ADDED ENTRY--TOPICAL TERM | |
| Topical term or geographic name as entry element | अम्बेडकर--सामाजिक आन्दोलन |
| 9 (RLIN) | 84231 |
| 650 ## - SUBJECT ADDED ENTRY--TOPICAL TERM | |
| Topical term or geographic name as entry element | Ambedkar--Social Life |
| 9 (RLIN) | 84232 |
| 650 ## - SUBJECT ADDED ENTRY--TOPICAL TERM | |
| Topical term or geographic name as entry element | Ambedkar--Social Movements |
| 9 (RLIN) | 84233 |
| 942 ## - ADDED ENTRY ELEMENTS (KOHA) | |
| Source of classification or shelving scheme | Dewey Decimal Classification |
| Koha item type | Hindi Books |
| Classification part | 305.56 |
| Call number suffix | मेश्राम |
| Withdrawn status | Lost status | Damaged status | Not for loan | Home library | Current library | Date acquired | Source of acquisition | Cost, normal purchase price | Total Checkouts | Full call number | Barcode | Date last seen | Copy number | Cost, replacement price | Price effective from | Koha item type |
|---|---|---|---|---|---|---|---|---|---|---|---|---|---|---|---|---|
| Central Library | Central Library | 16/09/2015 | Cen Lib/Ret | 80.00 | 305.56 मेश्राम | A-692036 | 16/09/2015 | 1 | 80.00 | 16/09/2015 | Hindi Books |
